Music Quiz

Random Music or The Beatles Quiz
Score 0/50 Timer 05:00
2 Plays Today
% Correct
Yellow
96.7%
Helter
93.7%
Lucy
93.6%
Strawberry
93.4%
Back
93%
Twist
91.5%
Ticket
90.3%
Sgt.
90.2%
Paperback
89.7%
Magical
86%
Eight
85.5%
Octopus's
85.1%
Hello
84%
I
83.8%
While
80.7%
Across
80.1%
Come
79.1%
Please
77.7%
Let
77.5%
Roll
77.3%
Drive
75.5%
Love
73.6%
Maggie
71.2%
Can't
68.9%
Happiness
66%
% Correct
Dizzy
61.1%
Mean
60%
Fixing
58%
Carry
57.9%
Golden
53.9%
Martha
48.9%
With
48%
Being
45.8%
Tell
41.5%
Tomorrow
41.3%
Everybody's
40.7%
Good
39.7%
Cry
39.3%
Dig
38.5%
Do
36.4%
I've
36.2%
Rock
33.9%
One
28.5%
And
28.4%
Wild
28.4%
I'll
28.3%
Run
25.6%
Ain't
25.3%
Devil
21%
Kansas
18.8%
Remove Ads.
Support Sporcle.
Get the best of Sporcle when you Go Orange. This ad-free experience offers more features, more stats, and more fun while also helping to support Sporcle. Thank you for becoming a member.

You're not logged in!

Compare scores with friends on all Sporcle quizzes.
OR
Log In

Show Comments

Extras

Top Quizzes Today


Score Distribution

Your Account Isn't Verified!

In order to create a playlist on Sporcle, you need to verify the email address you used during registration. Go to your Sporcle Settings to finish the process.

Report this User

Report this user for behavior that violates our Community Guidelines.

Details: